书目信息 |
| 题名: |
分子生态学概论
|
|
| 作者: | 刘雪梅 , 王占青 , 李永峰 主编 | |
| 分册: | ||
| 出版信息: | 哈尔滨 哈尔滨工业大学出版社 2012 |
|
| 页数: | 303页 | |
| 开本: | 26cm | |
| 丛书名: | 市政与环境工程系列丛书 | |
| 单 册: | ||
| 中图分类: | Q149 | |
| 科图分类: | ||
| 主题词: | 分子生态学--fen zi sheng tai xue | |
| 电子资源: | ||
| ISBN: | 978-7-5603-3422-6 | |
| 000 | 01174nam 2200313 450 | |
| 001 | 012001000218 | |
| 005 | 20140105145222.0 | |
| 010 | @a978-7-5603-3422-6@dCNY40.00 | |
| 099 | @aCAL 012012167995 | |
| 100 | @a20120406d2012 emky0chiy50 ea | |
| 101 | 0 | @achi |
| 102 | @aCN@b230000 | |
| 105 | @aak a 000yy | |
| 106 | @ar | |
| 200 | 1 | @a分子生态学概论@Afen zi sheng tai xue gai lun@f主编刘雪梅, 王占青, 李永峰 |
| 210 | @a哈尔滨@c哈尔滨工业大学出版社@d2012 | |
| 215 | @a303页@c图@d26cm | |
| 225 | 2 | @a市政与环境工程系列丛书@Ashi zheng yu huan jing gong cheng xi lie cong shu |
| 320 | @a有书目 | |
| 330 | @a本书从分子生态学研究的历史开始, 其中概括了自然史、遗传学、基因与蛋白质、植物学、海洋微生物与进化之间的关系, 进而讨论了分子种群遗传学、亲缘地理学及相关领域, 以及分子生态学在环境保护方面的相关研究。 | |
| 333 | @a高等学校“十二五”规划教材 | |
| 410 | 0 | @12001@a市政与环境工程系列丛书 |
| 606 | 0 | @a分子生态学@Afen zi sheng tai xue |
| 690 | @aQ149@v5 | |
| 701 | 0 | @a刘雪梅@Aliu Xuemei@4主编 |
| 701 | 0 | @a王占青@Awang Zhanqing@4主编 |
| 701 | 0 | @a李永峰@Ali Yongfeng@4主编 |
| 801 | 0 | @aCN@b北京卓展文化@c20191020 |
| 905 | @b1200077-9@dQ149@e265@f3 | |
| 分子生态学概论/主编刘雪梅, 王占青, 李永峰.-哈尔滨:哈尔滨工业大学出版社,2012 |
| 303页:图;26cm.-(市政与环境工程系列丛书) |
| 使用对象:高等学校“十二五”规划教材 |
| ISBN 978-7-5603-3422-6:CNY40.00 |
| 本书从分子生态学研究的历史开始, 其中概括了自然史、遗传学、基因与蛋白质、植物学、海洋微生物与进化之间的关系, 进而讨论了分子种群遗传学、亲缘地理学及相关领域, 以及分子生态学在环境保护方面的相关研究。 |
| ● |
| 相关链接 |
|
|
|
|
正题名:分子生态学概论
索取号:Q149/265
 
预约/预借
| 序号 | 登录号 | 条形码 | 馆藏地/架位号 | 状态 | 备注 |
| 1 | 1200077 | 212000779 | 第二样本阅览室/ [索取号:Q149/265] | 在馆 | |
| 2 | 1200078 | 212000788 | 第三借阅区/ [索取号:Q149/265] | 在馆 | |
| 3 | 1200079 | 212000797 | 第三借阅区/ [索取号:Q149/265] | 在馆 |